|
|
|
|
| LEADER |
00754cam a2200241 7i4500 |
| 001 |
0000019284 |
| 005 |
20170218090000.0 |
| 008 |
071204 eng |
| 020 |
|
|
|a 0297821202 (pbk.)
|
| 020 |
|
|
|a 9780297821205
|
| 040 |
|
|
|a OhCoOLI
|
| 090 |
0 |
0 |
|a HB171
|b .L57 1992
|
| 100 |
1 |
|
|a Lipsey, Richard G
|
| 245 |
1 |
0 |
|a First principles of economics
|c Richard G. Lipsey, Colin Harbury.
|
| 246 |
3 |
|
|a 1st principles of economics.
|
| 250 |
|
|
|a 2nd ed.
|
| 260 |
|
|
|a Oxford:
|b Oxford University Press,
|c 1992.
|
| 300 |
|
|
|a xii, 532 p.:
|b ill.;
|c 27 cm.
|
| 500 |
|
|
|a Includes index
|
| 650 |
0 |
0 |
|a Economics
|
| 700 |
1 |
|
|a Harbury, Colin
|
| 997 |
|
|
|a Business & Accountancy, Faculty
|
| 999 |
|
|
|a 0000023451
|b BOK
|c OPEN SHELF
|e 1st Floor, Bestari Jaya
|